Opera Omnia. IV, Missa Batalla, edición de 1608 /

Bibliographic Details
Main Author: Esquivel Barahona, Juan, active 1608-1613 (Author)
Other Authors: Rodilla León, Francisco (Editor)
Format: Electronic eBook
Language:Spanish
Published: Madrid : Dykinson, S.L., [2024]
Series:Biblioteca de musicología.
Subjects:
Online Access:Digitalia Hispánica

MARC

LEADER 00000nam a2200000 i 4500
001 DIGDYK3978
003 NyNyDIG
007 cr |||||||||||
008 250401s2024 sp ag ob 000 0 spa d
006 m o d
035 |a (OCoLC)1514689078 
040 |a DGITA  |b eng  |e rda  |e pn  |c DGITA 
020 |a 9788411226820  |q electrónico 
020 |z 9788411227865 
050 1 4 |a ML410.E824 ebook 
100 1 |a Esquivel Barahona, Juan,  |d active 1608-1613,  |e author. 
245 1 0 |a Opera Omnia.  |n IV,  |p Missa Batalla, edición de 1608 /  |c Juan Esquivel de Barahona ; Francisco Rodilla León (estudio y edición). 
264 1 |a Madrid :  |b Dykinson, S.L.,  |c [2024] 
300 |a 1 online resource :  |b illustrations, music. 
336 |a text  |b txt  |2 rdacontent 
337 |a computer  |b c  |2 rdamedia 
338 |a online resource  |b cr  |2 rdacarrier 
347 |a text file  |2 rdaft 
347 |b PDF 
490 1 |a Colección Biblioteca de musicología 
504 |a Includes bibliographical references. 
588 0 |a Online resource; title from PDF title page (Digitalia, viewed April 1, 2025) 
650 0 |a Sacred vocal music  |v Scores. 
650 0 |a Masses  |v Scores. 
700 1 |a Rodilla León, Francisco,  |e editor. 
791 2 |a Digitalia (Firm),  |e distributor. 
793 0 |g Digitalia eBook Collection:  |a Dykinson Editorial 
776 0 8 |i Print version:  |a Esquivel Barahona, Juan, active 1608-1613.  |t Opera Omnia. IV, Missa Batalla, edición de 1608.  |d Madrid : Dykinson, S.L., [2024]  |z 9788411227865 
830 0 |a Biblioteca de musicología. 
856 4 0 |3 Digitalia Hispánica  |u https://www.digitaliapublishing.com/a/170845/ 
910 |a Premium collection: 2025